Tutte le canzoni di Kid Yugi - Statistics

Statistiche generali
  • Questo quiz è stato fatto 170 volte
  • Il punteggio medio è 5 su 7
Statistiche sulle risposte
The Globe Quarto di Bue I Nomi Del Diavolo Tutti I Nomi Del Diavolo Singoli % Corretto
Hybris Quarto di Bue L'anticristo 6sei6 Grammelot
83%
Il Filmografo Ce Je Lilith Loki 64 barre da censura
81%
Paradise Now Lo Faccio per Me Il signore delle mosche Diablo Kabuki
71%
Il Ferro di Cechov Nemico Ex angelo Original Version Minaccia
69%
No Gimmick Steppers Capra a tre teste Donna Sturm und drang
63%
Yung 3p 3 Sintetico Eva S.X.S.I.C. DEM
59%
Back n' Forth Porto il Commerciale Servizio Modalità demonio King Lear
58%
Nessun quiz corrispondente trovato
Distribuzione punteggi
Percentuale di utenti per punteggio
Percentile per numero di risposta
I tuoi punteggi nel tempo
Non hai fatto questo quiz